000 00408nam a2200157Ia 4500
008 230917s9999||||xx |||||||||||||| ||und||
020 _cRS5
040 _e15929
_aMAIN
041 _aEnglish
082 _a320.9 B159I
100 _aBailyn, Bernard
245 0 _aIdeological origins of the American revolution
260 _aCalcutta
_bScientific Book Agency
_c1967
300 _axiii, 335 p.
942 _cBK
999 _c186181
_d186181